Reinvindicaciones indígenas: los logros de 1991 /
Kaydedildi:
| Yazar: | |
|---|---|
| Materyal Türü: | Metin |
| Etiketler: |
Etiketle
Etiket eklenmemiş, İlk siz ekleyin!
|
MARC
| LEADER | 00000 a a2200000 04500 | ||
|---|---|---|---|
| 001 | 1445 | ||
| 003 | |||
| 040 | |||
| 100 | |a Cevallos, Diego | ||
| 245 | |a Reinvindicaciones indígenas: |b los logros de 1991 / |c Diego Cevallos | ||
| 773 | |g número 85; páginas 13-14 | ||
| 999 | |c 34790 |d 34790 | ||
